LEADER 01395nam a2200313 a 4500 001 000000172719 003 CaOOAMICUS 005 20191002150739.0 008 191002s2015 it u000 u ita r 020 $z978-88-917-1454-1* 032 $aLibriCat 040 $aPUL$bita 082 04$a303.6 100 1 $aPacelli, Donatella.$0(OLS)http://pul/name/110922 245 13$aLe guerre e i sociologi: $bdal primo conflitto totale alle crisi contemporanee /$ca cura di Donatella Pacelli. 260 $aMilano :$bFrancoAngeli,$c©2015. 300 $a221 p.;$c23 cm 490 1 $aTeorie sociologiche e trasformazioni sociali ;$v1 504 $aBibliografia in nota. 650 4$aGuerra$xAspetti sociali.$0(OLS)http://pul/subject/36179 830 0$aTeorie sociologiche e trasformazioni sociali$b(Franco Angeli) ;$v1.$0(OLS)http://pul/title/213723 850 $aPUL 852 $aPUL$W1$xSL Diritto e Scienze Sociali 3$y79$m303. 6 PACDO 1$j196664$qDDC 21$B201438$CPULBib$Z2$F201438 $H133596 $82 941 1 $a9 996 $6020$z978-88-917-1454-1*$9(OLS)http://pul/number/166774 996 $6082$a303.6$9(OLS)http://pul/classification/1936 996 $6245$aLe guerre e i sociologi: $bdal primo conflitto totale alle crisi contemporanee$9(OLS)http://pul/title/213722 996 $6260$aMilano :$bFrancoAngeli$9(OLS)http://pul/publisher/66898 LEADER 01836nam a2200361 a 4500 001 000000172188 003 CaOOAMICUS 005 20190701105859.0 008 190701s2019 vc u000 0 ita r 020 $a978-88-266-0281-3* 032 $aLibriCat 040 $aPUL$bita 082 04$a262.9 245 00$aDiritto canonico e Amoris laetitia / $c[a cura di Paolo Moneta ; introduzione di Erasmo Napolitano]. 260 $aCittą del Vaticano :$bLibreria editrice vaticana,$c2019. 300 $a233 p. ;$c24 cm 490 1 $aAnnales doctrinae et iurisprudentiae canonicae ;$v07 500 $aIl volume raccoglie gli Atti del 50. Congresso nazionale dell'Associazione Canonistica Italiana, svoltosi a Catanzaro Lido dal 3 al 6 settembre 2018. 504 $aBibliografia in nota. 610 24$aPapi (2013-2025 : Franciscus)$tAmoris laetitia.$0(OLS)http://pul/subject/43315 650 04$aMatrimonio (diritto processuale canonico).$0(OLS)http://pul/subject/36330 700 1 $aNapolitano, Erasmo.$0(OLS)http://pul/name/41500 700 1 $aMoneta, Paolo.$0(OLS)http://pul/name/18333 710 2 $aAssociazione canonistica italiana.$bCongresso$n(48 :$d2016 :$cUdine).$0(OLS)http://pul/name/103204 830 0$aAnnales doctrinae et iurisprudentiae canonicae (LEV) ;$v07.$0(OLS)http://pul/title/192783 850 $aPUL 852 $aPUL$W1$xSL Diritto Canonico 3$y77$m262. 9 COLL 10.7$j196124$qDDC 21$B200876$CPULBib$Z2$F200876 $H133043 $82 941 1 $a9 996 $6020$a978-88-266-0281-3*$9(OLS)http://pul/number/166316 996 $6082$a262.9$9(OLS)http://pul/classification/369 996 $6245$aDiritto canonico e Amoris laetitia / $9(OLS)http://pul/title/213092 996 $6260$aCittą del Vaticano :$bLibreria editrice vaticana$9(OLS)http://pul/publisher/47920